000 00825nas a2200289 4500
001 BR7801466
003 BR-BrBNA
005 20231205083349.0
007 ta
008 230509b bl.|||p| |||| 00| 00por d
040 _aBR-BrBNA
_bpor
_cBiblioteca Nacional de Agricultura
041 _a(Pt)
072 _aQ10
100 1 _aHashizume, T.
100 1 _aCarvalho, R.
100 1 _aMori, E.E.M.
100 1 _aShirose, I.
100 1 _aVitali, A.A.
245 1 _aProcessamento de suco de uva [Brasil]
650 _aTECNOLOGIA DE ALIMENTO
650 _aUVA
650 _aSUCO
650 _aINDUSTRIA ALIMENTICIA
773 0 _tBoletim do Instituto de Tecnologia de Alimentos (Brazil)
_xISSN 0366-0281
_g(Jul 1977), (no. 52) p. 155-190
_wBR7801466
909 _a202311
_bLúcia
_c55
_dLúcia Elande
942 _2AGRIS
_n0
_cANA
999 _c98251
_d98251